| 000 | 00559nam a2200169 4500 | ||
|---|---|---|---|
| 008 | 040216s1948 us eng | ||
| 090 |
_aBT220 _bB15g |
||
| 100 | 1 | _aBaillie, D. M. | |
| 245 | 1 | 0 |
_aGod was in Christ : _ban essay on incarnation and atonement / _cD. M. Baillie. |
| 260 |
_aNew York : _bCharles Scribner's Sons, _cc1948. |
||
| 300 | _a230 p. | ||
| 600 | 1 | 4 |
_aJesus Christ _xCrucifixion. |
| 600 | 1 | 4 |
_aJesus Christ _xIncarnation. |
| 610 | 2 | 4 | _aAtonement. |
| 650 | 4 | _aTrinity. | |
| 951 |
_p10127 _x00005225 _oBT220/B15g _j070613111339171 _d2000-12-21 _cGC |
||
| 999 |
_c19029 _d19029 |
||